Formel 1 Podium 1976 - Statistiken

Allgemein
  • Dieses Quiz wurde 68 mal gespielt
  • Das Durchschnittsergebnis liegt bei 7 aus 12
Antwortstatistiken
Antwort % Korrekt
Niki Lauda
100%
James Hunt
96%
Clay Regazzoni
77%
Mario Andretti
77%
Jody Scheckter
75%
Ronnie Peterson
63%
Jochen Mass
56%
Patrick Depailler
50%
Jacques Laffite
46%
John Watson
46%
Gunnar Nilsson
29%
Tom Pryce
21%
Keine übereinstimmenden Quizze gefunden
Verteilung der Resultate
Anzahl Personen mit jedem Resultat
Perzentil nach korrekt beantworteten Fragen
Ihre Resultats-Entwicklung
Sie haben dieses Quiz noch nicht gespielt